Responses for Show #8650 - Friday, May 27, 2022

Ryan Long game 11.

Contestants

[<< previous game]

Aaron Gulyas, a community college history instructor from Grand Blanc, Michigan

Srimal Choi, a chief strategy officer from Falls Church, Virginia

Ryan Long, a rideshare driver from Philadelphia, Pennsylvania (whose 10-day cash winnings total $183,301)

[next game >>]

Jeopardy! Round responses

QUICK HISTORY
BOOKS ABOUT CELEBS
I'LL HAVE THIRDS
WORDS FROM GEOGRAPHY
MAKEUP
YOUR MIND
    $200 3
the pope

Ryan
    $200 26
The View

Ryan
    $200 10
the Third Amendment

Aaron
    $200 11
Iceland

Aaron
    $200 30
mascara

Aaron
    $200 16
faces

Srimal
    $400 5
Genghis Khan

Aaron
    $400 20
John Candy

Aaron
    $400 1
Father's Day

Srimal
    $1,000 12
(Aaron: What is a slum?)

skid row

Aaron
    $400 25
(Srimal: What is layering?)
(Aaron: What is frosting?)

baking

SrimalAaron
Triple Stumper
    $400 21
(the) frontal (lobe)

Aaron
    $600 6
Pax Romana

Aaron
    $600 17
Warren Beatty

Srimal
    $600 2
Leviticus

Aaron
    $600 13
(Aaron: I almost said Foghorn.)

a Leghorn

Aaron
    $600 27
a palette

Aaron
    $600 22
mind-reading

Ryan
    $800 7
Hermitage

Triple Stumper
    $800 18
violet

Ryan
    $800 4
(George S.) Patton

Aaron
    $800 14
to Balkanize

Triple Stumper
    $800 28
balm

Ryan
    $800 23
super-ego

Aaron
    $1000 8
the Zulu

Aaron
    $1000 19
Judy Garland

Triple Stumper
    $1000 9
Ross Perot

Aaron
    $1000 15
Belgium

Triple Stumper
    $1000 29
a kabuki brush

Ryan
    $1000 24
synapses

Ryan

Scores at the first commercial break (after clue 16):

Ryan Srimal Aaron
$200 $600 $4,400

Scores at the end of the Jeopardy! Round:

Ryan Srimal Aaron
$4,600 $800 $6,400

Double Jeopardy! Round responses

LITERARY SHIPPING
RELIGION
THEY SANG SUPER SEXY '70s LYRICS
EUROPE
ALLITERATION ALL AROUND
"V"OCABULARY
    $400 27
Ahab

Srimal
    $400 26
a soul

Srimal
    $400 30
(Mayim: I'm impressed you could tell my [*] and Wings impression.)
[Laughter]

Paul McCartney

Ryan
    $400 16
London

Aaron
    $400 12
Big Brother

Ryan
    $400 29
variety

Aaron
    $800 2
Life of Pi

Srimal
    $800 7
Ramadan

Ryan
    $800 13
Peter Frampton

Ryan
    $800 17
Norway

Aaron
    $800 6
round-robin

Aaron
    $800 22
vocation

Ryan
    $1,000 3
(Srimal: What is [*] Adventure?)

the Poseidon

Srimal
    $1200 1
Kabbalah

Ryan
    $1200 14
Donna Summer

Triple Stumper
    $2,000 18
Bonn

Aaron
    $1200 8
a crash cart

Aaron
    $1200 23
vanguard

Aaron
    $1600 4
(Ryan: What is the Edmund Fitzgerald?)

the Hesperus

Ryan
Triple Stumper
    $1600 9
(Aaron: What is Ash Wednesday?)

Shrove Tuesday

RyanAaron
    $1600 15
Barry White

Aaron
    $1600 19
Napoli

Triple Stumper
    $1600 10
Loch Lomond

Aaron
    $1600 24
variegated

Srimal
    $2000 5
Courageous

Ryan
    $2000 25
Sikhism

Srimal
    $2000 21
Al Green

Ryan
    $2000 20
Ireland

Ryan
    $2000 11
Fuss and Feathers

Aaron
    $2000 28
(Ryan: What is viscous?)
(Aaron: What is visceral?)

vitreous

RyanAaron
Triple Stumper

Scores at the end of the Double Jeopardy! Round:

Ryan Srimal Aaron
$13,000 $7,000 $14,800

[wagering suggestions for these scores]

Final Jeopardy! Round responses

SPORTS & ENTERTAINMENT
(Mayim: [To Ryan] The audible call "Omaha" became associated with him, although it is used by other quarterbacks.)
SrimalWho is Woods
$2,000
RyanWho is Peyton Manning?
$12,999
AaronWho is Nature Boy Ric Flair
$0
Peyton Manning

Final scores:

Ryan Srimal Aaron
$25,999 $5,000 $14,800
11-day champion: $209,300 3rd place: $1,000 2nd place: $2,000

Game dynamics:

Coryat scores:

Ryan Srimal Aaron
$13,000 $7,200 $15,000
17 R,
2 W
9 R
(including 1 DD),
1 W
24 R
(including 1 DD),
4 W
(including 1 DD)

Combined Coryat: $35,200

[game clues] [game scores] [suggest correction]

Game tape date: 2022-03-31
The J! Archive is created by fans, for fans. Scraping, republication, monetization, and malicious use prohibited; this site may use cookies and collect identifying information. See terms. The Jeopardy! game show and all elements thereof, including but not limited to copyright and trademark thereto, are the property of Jeopardy Productions, Inc. and are protected under law. This website is not affiliated with, sponsored by, or operated by Jeopardy Productions, Inc. Join the discussion at JBoard.tv.